000
00281nam a22001337a 4500
008
170427b xxu||||| |||| 00| 0 eng d
020
_a
0534029973
041
_a
eng
080
_a
343.9
100
_a
13
101
_a
SHM
245
_a
CRIME VICTIMS
_c
KARMEN.A
942
_2
udc
_c
BK
999
_c
12294
_d
12294